000 004350000a22001690004500
003 MACL
005 20151231164959.0
008 151231b xxu||||| |||| 00| 0 eng d
040 _aMACL
_cMACL
041 _aEnglish
082 _a349/FRE
100 _aFreund, Otto Kahn
_925989
245 _aThe Law of Carriage by Inland Transport
260 _bStevens & Sons Ltd
_c1949
_aLondon
650 _aLaw
_925990
942 _cBK
_k349/FRE
_2ddc
999 _c34678
_d34678